000
00279nam a2200121Ia 4500
008
220204s9999 xx 000 0 und d
082
_a
802
_b
COL
100
_a
Collins, V H
245
0
_a
Book of English idioms
250
_a
Ed.3
260
_a
London
_b
Longman
_c
1958
942
_c
BK
999
_c
23500
_d
23500